Statistics for Bible Characters Quiz #2

Click here to take the quiz!

General Stats

  • This quiz has been taken 49,116 times
    (35,025 since last reset)
  • The average score is 16 of 26

Answer Stats

Clue Character % Correct
First manAdam
99%
First womanEve
99%
Mother of JesusMary
97%
Earthly father of JesusJoseph
94%
First murder victimAbel
91%
First murdererCain
90%
He denied Jesus three timesPeter
80%
Patriarch who made a covenant with GodAbraham
75%
Roman official who authorized the
crucifixion of Jesus
Pontius Pilate
71%
Biblical strongmanSamson
70%
Spent a night in the lion's denDaniel
67%
Betrayer of the aboveDelilah
61%
Apostle to the GentilesPaul
59%
Eloquent brother of MosesAaron
55%
First King of IsraelSaul
53%
Prophet who raised the dead and
ascended to heaven in a whirlwind
Elijah
49%
She was turned into a pillar of saltLot's Wife
48%
Lived to the age of 969Methuselah
45%
David saw her bathing on the roofBathsheba
44%
Three devout Jews who were rescued from the furnaceAbednego
39%
Three devout Jews who were
rescued from the furnace
Shadrach
37%
Three devout Jews who were rescued from the furnaceMeshach
36%
Even more powerful prophet who
succeeded the above
Elisha
35%
Babylonian king who conquered JudahNebuchadnezzar
35%
Concubine of the above who
gave birth to Ishmael
Hagar
30%
Ancestor of Noah who ascended to heavenEnoch
23%

Score Distribution

Percentile by Number Answered

Percent of People with Each Score

Your Score History

You have not taken this quiz since the last reset